000 01240nam a22003491i 4500
001 bslw10089924
005 20240305165656.0
006 m o d
007 cr un ---uuuua
008 230921s2023 sp ob 000 0 spa d
020 _a9788411229074
020 _a9788411229920
_q(ISBN electrónico)
035 _a38796
040 _aUtOrBLW
_beng
_erda
_cUtOrBLW
050 4 _aJC571
_b.M37 2023
082 0 4 _a323
_223
100 1 _aMartínez Bringas, Asier,
_eauthor.
245 1 0 _aAntropoceno, derechos humanos y naturaleza :
_benfoques iusfilosóficos /
_cDavid Sánchez Rubio y Álvaro Sánchez Bravo (editores) ; Asier Martínez de Bringas [and 7 others].
250 _aPrimera edición.
264 1 _aMadrid :
_bDykinson, S.L.,
_c2023.
300 _a1 online resource (180 pages)
336 _atext
_btxt
_2rdacontent
337 _acomputer
_bc
_2rdamedia
338 _aonline resource
_bcr
_2rdacarrier
504 _aIncludes bibliographical references.
650 0 _aHuman rights
_xPhilosophy.
650 0 _aEnvironmental law, International.
700 1 _aSánchez Rubio, David,
_eeditor.
700 1 _aSánchez Bravo, Álvaro A.,
_eeditor.
856 4 0 _uhttps://app.vlex.com/#/sources/38796
942 _cRAA
999 _c173094
_d173094